Public economics (Record no. 371540)

000 -LEADER
fixed length control field 00383cam a22001457a 4500
008 - FIXED-LENGTH DATA ELEMENTS--GENERAL INFORMATION
fixed length control field 180718b1965 xxu||||| |||| 00| 0 eng d
082 ## - DEWEY DECIMAL CLASSIFICATION NUMBER
Classification number L12 J599
100 ## - MAIN ENTRY--PERSONAL NAME
Personal name Johansen, Leif
245 ## - TITLE STATEMENT
Title Public economics
Statement of responsibility, etc. by Leif Johansen
260 ## - PUBLICATION, DISTRIBUTION, ETC.
Place of publication, distribution, etc. Amsterdam
Name of publisher, distributor, etc. North -Holland
Date of publication, distribution, etc. 1965
300 ## - PHYSICAL DESCRIPTION
Extent 367p.
500 ## - GENERAL NOTE
General note Rs.66.00
650 ## - SUBJECT ADDED ENTRY--TOPICAL TERM
Topical term or geographic name entry element Economic Policy
650 ## - SUBJECT ADDED ENTRY--TOPICAL TERM
Topical term or geographic name entry element Finance, Public -Policy
Holdings
Withdrawn status Lost status Damaged status Not for loan Permanent Location Current Location Date acquired Full call number Barcode Date last seen Price effective from Koha item type
        Indian Institute of Public Administration Indian Institute of Public Administration 1994-06-10 L12 J599 38653 2018-07-21 2018-07-21 Book

Powered by Koha